| 000 | 00687nam a22002297a 4500 | ||
|---|---|---|---|
| 005 | 20170124110037.0 | ||
| 010 | _aA-702341 | ||
| 020 |
_c00.00 _a8171006011 |
||
| 035 | _aA-702341 | ||
| 037 | _bCen Lib/Ret | ||
| 040 |
_aDPL _bEN |
||
| 082 |
_a344.01 _bSIN |
||
| 100 |
_aS.K. Singh _9228 |
||
| 245 |
_aBonded labour and the law / _cby S.K. Singh |
||
| 260 |
_aNew Delhi _bDeep & Deep Publications Pvt. Ltd. _c1994 |
||
| 270 |
_aF-159. Rajouri Garden _bNew Delhi _e110027 |
||
| 300 |
_avii,270p. _c21cm(Hb) |
||
| 500 | _aIncludes bibliographical references and index. | ||
| 650 |
_aPeonage _922989 |
||
| 650 |
_aIndia _922990 |
||
| 942 |
_2ddc _cEN _h344.01 _mSIN |
||
| 999 |
_c128304 _d128304 |
||